000 01119nam a2200277Ia 4500
005 20211111074619.0
008 130821s2006 xxu gr spa
020 _a920888136
040 _aCo-BoUCM
_bspa
041 0 0 _aspa
245 0 0 _aManifiesto tres textos clásicos para cambiar el mundo
_cErnesto Che Guevara, Carlos Marx, Federico Engels y Rosa Luxemburgo
260 _aNueva York (Estados Unidos)
_bOcean Press
_c2006
300 _a186 páginas
505 _aEl manifiesto comunista
_cCarlos Marx; Federico Engels. -- Reforma o revolución
_cRosa Luxemburgo. -- El socialismo y el hombre en Cuba. --
_cErnesto Che Guevara.
650 0 4 _aCiencia política
_9340
650 0 4 _aComunismo
_911425
650 0 4 _aSistemas económicos
_924652
650 0 4 _aSocialismo
_924700
650 0 4 _aSocialismo
_zCuba
_924709
700 1 _aEngels, Friedrich
_d1820-1895
_956135
700 1 _aGuevara, Ernesto Che
_d1928-1967
_9133090
700 1 _aLuxemburgo, Rosa
_d1870-1919
_9163513
700 1 _aMarx, Carlos
_d1818-1883
_972267
942 _cLIBRO
_a6
_e1
_mM278
_2DEWEY
_h320.532
999 _c52788
_d52788